|
|
|
|
| LEADER |
00000nab a2200000 a 4500 |
| 001 |
vtls000443594 |
| 003 |
SK-MaSNL |
| 005 |
20260303210721.0 |
| 008 |
120926c1992 xo 0 slo |
| 015 |
|
|
|a SNBRB19rr/mm-uuuuu
|
| 035 |
|
|
|a CL0443724
|
| 040 |
|
|
|a SNKBUCL
|b slo
|c SNKBUCL
|e AACR2
|
| 041 |
0 |
|
|a slo
|
| 044 |
|
|
|a xo
|c SK
|
| 080 |
|
|
|a 82.09:885.4-94(048)
|2 1981
|
| 080 |
|
|
|a 885.4-94(048)
|2 1981
|
| 080 |
|
|
|a 885.4-1(048)
|2 1981
|
| 080 |
|
|
|a 885.4-3/-6(048)
|2 1981
|
| 100 |
1 |
|
|a Borin, Emil
|4 aut
|9 1242834
|
| 245 |
1 |
0 |
|a Piesne i meditácie
|b Po dvadsiatich rokoch vychádza Dom opustenosti Janka Silana
|c Emil Borin
|
| 600 |
1 |
7 |
|a Silan, Janko,
|d 1914-1984
|2 snkbucl
|9 222852
|
| 650 |
0 |
7 |
|a denníky
|2 snkbucl
|9 305579
|
| 650 |
0 |
7 |
|a literárna montáž
|2 snkbucl
|9 155258
|
| 650 |
0 |
7 |
|a slovenské romány
|2 snkbucl
|9 103163
|
| 655 |
|
7 |
|a recenzie
|2 snkbucl
|9 21907
|
| 655 |
|
7 |
|a články z odboru literárna veda a krásna literatúra
|2 snkbucl
|9 770045
|
| 655 |
|
7 |
|a články z novín a časopisov
|2 snkbucl
|9 267496
|
| 773 |
0 |
|
|t Práca
|g Roč. 47, č. 43 (20. 2. 1992), s. 6
|
| 787 |
0 |
8 |
|i Rec.:
|a Silan, Janko, 1914-1984
|t Dom opustenosti
|d Bratislava : Slovenský spisovateľ, 1991
|
| 850 |
|
|
|a Slovenská národná knižnica v Martine
|a MTA001
|
| 852 |
|
|
|a SNK
|b KIS3GCP
|
| 958 |
|
|
|a RK
|
| 958 |
|
|
|a LX
|
| 992 |
|
|
|a RBX
|
| 999 |
|
|
|c 2201340
|d 2203270
|